000 nam a22 7a 4500
999 _c152728
_d152726
005 20191106115705.0
008 191106t 2017sp ||||| |||| 00| 0 spa d
020 _a9788491482857
050 0 4 _aB2430.G494
_bP37 ©2017
100 1 _aParrilla Martínez, Desiderio,
_d[1975- ]
245 1 0 _aRené Girard
_b: la violencia desvelada
_c/ Desiderio Parrilla Martínez
250 _a1a ed.
260 _aMadrid :
_bDykinson,
_c2017
300 _a206 p. ;
_c21 cm.
600 1 7 _aGirard, René,
_d[1923-2015]
_xCrítica e interpretación
650 7 _aViolencia
_xAspectos éticos
650 7 _aÉtica social
942 _2lcc
_cLIB